000 004960000a22001930004500
001 003810
003 MACL
005 20150929105754.0
008 150929b xxu||||| |||| 00| 0 eng d
040 _aMACL
_cMACL
041 _aEnglish
082 _a891/RAY
100 _aRay, Pratibha
_912548
245 _aKuntala Kumari Sabat
_bMakers Of Indian Literature
_cPratibha Ray
260 _aCalcutta
_c1997
_bSahitya Academi,
350 _a25
650 _aLiterature
_912549
942 _k891
_cBK
_2ddc
999 _c15703
_d15703